Technoculture : from Alphabet to Cybersex / (Record no. 991)

MARC details
000 -LEADER
Fixed length control field 00488nam a2200169 4500
003 - CONTROL NUMBER IDENTIFIER
Control field SEACOMMC
005 - DATE AND TIME OF LATEST TRANSACTION
Control field 20250430141202.0
008 - FIXED-LENGTH DATA ELEMENTS--GENERAL INFORMATION
Fixed length control field 250113b |||||||| |||| 00| 0 eng d
020 ## - INTERNATIONAL STANDARD BOOK NUMBER / ISBN
International Standard Book Number 1-86-5080-489
Price Rs.395.00
040 ## - CATALOGING SOURCE
Original cataloging agency SEACOMMC
082 ## - DEWEY DECIMAL CLASSIFICATION NUMBER
Classification number 303.483
Book Number G 7T3
100 ## - MAIN ENTRY--PERSONAL NAME
Personal name Green, Lelia
245 1# - TITLE STATEMENT
Title Technoculture : from Alphabet to Cybersex /
Statement of responsibility Lelia Green
260 ## - IMPRINT
Place of publication Australia
Name of publisher Allen and Unwin
Date of publication 2007
650 ## - SUBJECT ADDED ENTRY--TOPICAL TERM
Topical term Sociology and Science and Technology
942 ## - ADDED ENTRY ELEMENTS (KOHA)
Koha item type Books
Holdings
Withdrawn status Lost status Source of classification Damaged status Not for loan Home library Current library Shelving location Date acquired Total Checkouts Call number Accession number Date last seen Price effective from Koha item type Copy number
    Dewey Decimal Classification     SEACOM MANAGEMENT COLLEGE SEACOM MANAGEMENT COLLEGE Reference 01/01/2008   303.483 G 7T3 M-1644 13/01/2025 13/01/2025 Books  
    Dewey Decimal Classification     SEACOM MANAGEMENT COLLEGE SEACOM MANAGEMENT COLLEGE   01/01/2008   303.483 G 7T3 M-1645 13/01/2025 13/01/2025 Books 1
    Dewey Decimal Classification     SEACOM MANAGEMENT COLLEGE SEACOM MANAGEMENT COLLEGE   01/01/2008   303.483 G 7T3 M-1646 13/01/2025 13/01/2025 Books 2
© Seacom Engineering College, All rights reserved.    Powered by Koha